| 000 | 00737 a2200157 4500 | ||
|---|---|---|---|
| 003 | Nust | ||
| 005 | 20221024144013.0 | ||
| 040 | _cNust | ||
| 082 | _a621.3,BEN | ||
| 100 |
_aBenson, F.A. _941142 |
||
| 245 |
_aElectrical engineering problems with solutions / _cF.A. Benson |
||
| 260 |
_aNew Delhi _bAsia _c1961 |
||
| 300 | _aviii, 236 P. | ||
| 505 | _aProblems (Page-1-59), Electrolysis (Page-3), Electromagnetism (Page-3-9 25-6 29-33), Resistance Instruments Energy and Power (Page-4-7-10-16), DC Circuits Analysis (Page7-19), D.C Machines (Page-33-40), Alternating Currents (Page-41-51), Transformers (Page-52-3), Electron Motion in Fields Thermionic Values and Value Circuits (Page-53-9), Solutions (Page-63-232). | ||
| 942 |
_2ddc _cBK |
||
| 999 |
_c190914 _d190914 |
||